Introduction to the constitution of India (Record no. 1851338)

MARC details
000 -LEADER
fixed length control field 00540nam a22002057a 4500
005 - DATE AND TIME OF LATEST TRANSACTION
control field 20260513113708.0
008 - FIXED-LENGTH DATA ELEMENTS--GENERAL INFORMATION
fixed length control field 260513b |||||||| |||| 00| 0 eng d
037 ## - SOURCE OF ACQUISITION
Terms of availability DSWL
040 ## - CATALOGING SOURCE
Original cataloging agency DSWL
Transcribing agency DSWL
041 ## - LANGUAGE CODE
Language code of original eng
084 ## - COLON CLASSIFICATION NUMBER
Classification number V2,2 Q3
100 ## - MAIN ENTRY--PERSONAL NAME
Personal name Basu, Durga Das
245 ## - TITLE STATEMENT
Title Introduction to the constitution of India
250 ## - EDITION STATEMENT
Edition statement 21st
260 ## - PUBLICATION, DISTRIBUTION, ETC.
Place of publication, distribution, etc. Gurgaon,
Name of publisher, distributor, etc. Lexis Nexis,
Date of publication, distribution, etc. 2013
300 ## - PHYSICAL DESCRIPTION
Extent 526p
365 ## - TRADE PRICE
Price type code INR
Price amount 295
942 ## - ADDED ENTRY ELEMENTS (KOHA)
Source of classification or shelving scheme Colon Classification (CC)
Koha item type Textual
Classification part V2,2 Q3
Suppress in OPAC No
Holdings
Withdrawn status Lost status Source of classification or shelving scheme Damaged status Not for loan Home library Current library Date acquired Source of acquisition Cost, normal purchase price Total Checkouts Full call number Barcode Date last seen Price effective from Koha item type
    Colon Classification (CC)     Department of Social Work Library Department of Social Work Library 2026-05-13 Standard Book House 295.00   V2,2 Q3 SW0032473 2026-05-13 2026-05-13 Textual
Copyright @ Delhi University Library System